000 01061cam a2200169 4500
001 ABS61149
008 000000n1999 000 0 eng u
035 _a(Sirsi) u101714
245 _aManchester Airport plc v Dutton and others.
260 _c1999
490 _aWeekly Law Reports
_v[1999] 32 WLR, 524-540(17)
520 _aCA 5 February 1999. Plaintiff (M) was granted a licence to occupy woods and carry out construction work in them to build an airport runway. M needed to fell trees to reduce obstacles in the flight path. The defendants (D), in opposition to this development, entered the woods three days before the work began (without permission) with the intention of making it impossible for the works to be carried out. M was granted a RSC Order 113 (order of possession). D appealed on the grounds that M did not have sufficient interest in the wood to permit the granting of an exclusive possession order. Appeal dismissed.
650 _aAIRPORTS
650 _aBUILT ENVIRONMENT
690 _aPROPERTY LAW AND PRACTICE-CASE LAW
942 _n0
999 _c60839
_d60839